000 00900nam a2200265Ia 4500
003 OSt
005 20220918171459.0
006 a|||||r|||| 00| 0
007 ta
008 220917b |||||||| |||| 00| 0 eng d
020 _a9781843844723 (hbk)
_cUKP 60.00
024 _a352,482
037 _b608, 12/02/2020, Sunrise Books
_cTextual
040 _aARTS
_cARTS
_beng
041 _2eng
_aeng
082 _aV3.J, Q7
100 _aHardman Phillipa Au.
_936879
245 0 _aLegend of charlemagne in medieval england
_b matter of France in middle english and anglo-norman literature
260 _aNew York
_bD.S. Brewer USA
_c2017
300 _axiv,471p.
_ccm.
650 _aGREAT BRITAIN - HISTORY
_91540
700 _a Ailes Marianne Au.
_936880
942 _hV3.J, Q7
_cTEXL
_2CC
999 _c139771
_d139771